书目信息 |
| 题名: |
词汇:描述、习得与教学
|
|
| 作者: | 施密特 , 麦卡锡 编 | |
| 分册: | ||
| 出版信息: | 上海 上海外语教育出版社 2002.11 |
|
| 页数: | 383页 | |
| 开本: | 20cm | |
| 丛书名: | 外语教学法丛书之十二 | |
| 单 册: | ||
| 中图分类: | H , H319.3-51 | |
| 科图分类: | ||
| 主题词: | 英语 | |
| 电子资源: | ||
| ISBN: | 7-81080-603-3 | |
| 000 | 00818nam0 2200241 45 | |
| 001 | 0359325853 | |
| 005 | 2003062416284585 | |
| 010 | @a7-81080-603-3@dRMB 21.00 | |
| 100 | @a20030624d2002 km y0chiy0120 ea | |
| 101 | 0 | @achi |
| 200 | 1 | @a词汇:描述、习得与教学@Aci hui:miao shu、xi de yu jiao xue@d=VOCABULARY@f(英)施密特(SCHMITT,N.),(英)麦卡锡(MCCARTHY,M.)编@F(Ying)Shi Mi Te(SCHMITT,N.),(Ying)Mai Ka Xi(MCCARTHY,M.)Bian |
| 210 | @a上海@c上海外语教育出版社@d2002.11 | |
| 215 | @a383页@d20cm | |
| 225 | 2 | @a外语教学法丛书之十二 |
| 410 | 0 | @12001 @a外语教学法丛书之十二 |
| 510 | @a=VOCABULARY | |
| 606 | 0 | @a英语 |
| 690 | @aH@v4 | |
| 690 | @aH319.3-51@v3 | |
| 701 | 0 | @a施密特@AShi Mi Te@bSCHMITT,N.@4编 |
| 701 | 0 | @a麦卡锡@AMai Ka Xi@bMCCARTHY,M.@4编 |
| 801 | 0 | @aCN@bPFT@c20030624 |
| 905 | @a@dH319.3-51@eS498 | |
| 词汇:描述、习得与教学=VOCABULARY/(英)施密特(SCHMITT,N.),(英)麦卡锡(MCCARTHY,M.)编.-上海:上海外语教育出版社,2002.11 |
| 383页;20cm.-(外语教学法丛书之十二) |
| ←并列题名:=VOCABULARY |
| ISBN 7-81080-603-3:RMB 21.00 |
| ● |
| 相关链接 |
|
|
|
正题名:词汇:描述、习得与教学
索取号:H319.3-51/S498
 
预约/预借
| 序号 | 登录号 | 条形码 | 馆藏地/架位号 | 状态 | 备注 |
| 1 | 371380 | 203713801 | 语言库209/209语言库 12排1列2层/ [索取号:H319.3-51/S498] | 在馆 | |
| 2 | 371381 | 203713810 | 语言库209/209语言库 12排1列2层/ [索取号:H319.3-51/S498] | 在馆 | |
| 3 | 371382 | 203713829 | 语言库209/209语言库 12排1列2层/ [索取号:H319.3-51/S498] | 在馆 |